Womens Entrepreneurship Policy: A Global Perspective (Record no. 43612)
[ view plain ]
| 000 -LEADER | |
|---|---|
| fixed length control field | 00571nam a22001817a 4500 |
| 005 - DATE AND TIME OF LATEST TRANSACTION | |
| control field | 20250416145708.0 |
| 008 - FIXED-LENGTH DATA ELEMENTS--GENERAL INFORMATION | |
| fixed length control field | 250410b |||||||| |||| 00| 0 eng d |
| 020 ## - INTERNATIONAL STANDARD BOOK NUMBER | |
| International Standard Book Number | 9781035339006 |
| 041 ## - LANGUAGE CODE | |
| Language code of text/sound track or separate title | eng |
| 082 ## - DEWEY DECIMAL CLASSIFICATION NUMBER | |
| Classification number | 658.4 HEN |
| 100 ## - MAIN ENTRY--PERSONAL NAME | |
| Author | Henry, Colette |
| 245 ## - TITLE STATEMENT | |
| Title | Womens Entrepreneurship Policy: A Global Perspective |
| 260 ## - PUBLICATION, DISTRIBUTION, ETC. | |
| Place | UK |
| Publisher | Edward Elgar Publishing Ltd |
| Publication Year | 2024 |
| 300 ## - PHYSICAL DESCRIPTION | |
| Extent | 245;. pages 24 cm |
| 650 ## - SUBJECT ADDED ENTRY--TOPICAL TERM | |
| Subject | Entrepreneurship; Government Policy; Women Owned Business Enterprises; Businesswomen |
| 700 ## - ADDED ENTRY--PERSONAL NAME | |
| Co-Author | Coleman, Susan; Lewis, Kate V. |
| 942 ## - ADDED ENTRY ELEMENTS (KOHA) | |
| Koha item type | Books |
| Withdrawn status | Lost status | Source of classification or shelving scheme | Damaged status | Not for loan | Home library | Current library | Shelving location | Accession Date | Vendor | Price | Bill number | Total Checkouts | Full call number | Barcode No | Date due | Date last seen | Date last checked out | Discount | Bill Date | Koha item type | Suggested By |
|---|---|---|---|---|---|---|---|---|---|---|---|---|---|---|---|---|---|---|---|---|---|
| Dewey Decimal Classification | IMTN | IMTN | Rack 27-A | 03/28/2025 | Raghav Books Private Limited | 3444.74 | 2374 | 1 | 658.4 HEN | 33886 | 07/13/2025 | 07/03/2025 | 07/03/2025 | 33 | 02/14/2025 | Books | Mr. Shridhar Rao |